000 00518nam a22001937a 4500
003 OSt
005 20260226143617.0
008 260226b |||||||| |||| 00| 0 eng d
020 _a9781800624504
040 _ckul
082 _a634.956 WIL.E
100 _aWilliams, E.R.
_910695
245 _aExperimental design and analysis for tree improvement /
260 _aUK:
_bCABI,
_cc2024.
300 _a184 p.
700 _4Author
_aHarwood, C.E.
_911054
700 _4Author
_aMatheson, A.C.
_911055
942 _2ddc
_cBK
999 _c756771
_d756771